Tuntematon sotilas (1955) - Statistics

Yleistilastot
  • Tätä visaa on pelattu 40 kertaa
  • Keskiarvotulos 14 / 33
Vastaustilastot
Hint Vastaus % Oikein
alik. Lehto Åke Lindman
82%
maj. Sarastie Tauno Palo
79%
korp. Määttä Pentti Siimes
74%
kers. Urho Hietanen Heikki Savolainen
68%
ltn. Lammio Jussi Jurkka
68%
kpt. Jorma Kariluoto Matti Ranin
68%
stm. Aarne Honkajoki Tarmo Manni
68%
alik. Yrjö Lahtinen Veikko Sinisalo
68%
ltn. Vilho Koskela Kosti Klemelä
59%
alik. Antero Rokka Reino Tolvanen
59%
stm. Asumaniemi Vili Auvinen
59%
kpt. Kaarna Pentti Irjala
56%
stm. Salo Tapio Hämäläinen
56%
stm. Vanhala Leo Riuttu
50%
stm. Riitaoja Olavi Ahonen
50%
stm. Oskari Rahikainen Kaarlo Halttunen
47%
vänr. Jalovaara Saulo Haarla
41%
stm. Uusitalo Veijo Pasanen
35%
alik. Mielonen Mikko Niskanen
29%
stm. Hauhia Veli-Matti Kaitala
29%
alik. Mäkilä Vilho Siivola
26%
Nina Anja Hatakka
24%
stm. Ukkola Taneli Rinne
24%
kpt. Baranov Veikko Uusimäki
24%
Vera Helena Vinkka
21%
stm. Susi ("Suentassu") Kale Teuronen
21%
vääp. Sinkkonen Leevi Linko
21%
stm. Sihvonen Martti Romppainen
21%
stm. Eerola Sakari Halonen
21%
stm. Korpela Topi Kankainen
18%
vääp. Korsumäki Aarne Laine
15%
stm. Lampinen Aimo Hiltunen
12%
ltn. Ville Autio Vilho Ruuskanen
12%
Ehtoja vastaavia visoja ei löytynyt
Tulosjakauma
Jokaisen tuloksen saaneiden osuus
Persentiili vastausten määrän mukaan
Tuloshistoriasi
Et ole pelannut tätä visaa